Normal view
MARC view
- SECOND WORLD WAR.WORLD WAR-II
Entry Topical Term
001 - CONTROL NUMBER
- control field: 61861
003 - CONTROL NUMBER IDENTIFIER
- control field: NUST
005 - DATE AND TIME OF LATEST TRANSACTION
- control field: 20210628202831.0
008 - FIXED-LENGTH DATA ELEMENTS
- fixed length control field: 210628|| aca||aabn | a|a d
040 ## - CATALOGING SOURCE
- Original cataloging agency: NUST
- Transcribing agency: NUST
150 ## - HEADING--TOPICAL TERM
- Topical term or geographic name entry element: SECOND WORLD WAR.WORLD WAR-II
670 ## - SOURCE DATA FOUND
- Source citation: Work cat.: (NUST): Von, Mellenthin.F.W 61860, Panzer battles, a study of the employment of armor in the world war, 2003
